00767nam a22001817a 4500003000900000008004100009020001800050040007100068082002000139100003000159245006000189260003200249300003200281505020900313650001800522650001300540650003200553AR-CdUCM190410b ||||| |||| 00| 0 spa d a9786073201421 aMUNICIPALIDAD PROVINCIAL DEL CUSCOcBIBLIOTECA MUNICIPAL DEL CUSCO a519.51/V45bV45 aVéliz Capuñay, Carlos aEstadística para la administración y los negocios / aMéxico ;bPearson,c2011. a472 Páginas. :c18x23 cm. aContenido: Descripción de los datos -- Resumen numérico de los datos -- Relación entre variables, medidas de correlación y asociación -- Introducción a las series de tiempo -- Probabilidad ... aEstadística aNegocios aAdministración y finanzas